000 00902nam a2200229Ia 4500
005 20250108125031.0
008 008 250107s9999 xx 000 0 hin d
020 _a978-81-7505-220-8
037 _aTB
040 _aCRL
_bhin
_cCRL
041 _ahin
_2hin
084 _aO152,1NSH5,PN R4
084 _qCRL
100 _aयादव, संरंगमा, संपा.
245 0 _aसप्तरंग: सात हाइकुकारों के विशेष केन्द्रित हाइकु
_cयादव, संरंगमा, संपा.
260 _aनई दिल्ली, भारत
_bअयन प्रकाशन
_c3094
300 _a106पृ0
365 _aINR
_b495
650 _aहिन्दी कविताहिन्दी साहित्य
_9729733
942 _cTB
_hO152,1NSH5,PN R4
999 _c1235482
_d1235482